| 000 | 01302nab a22002417a 4500 | ||
|---|---|---|---|
| 999 |
_c5279 _d5279 |
||
| 003 | OSt | ||
| 005 | 20250213101847.0 | ||
| 008 | 190429b xxu||||| |||| 00| 0 spa d | ||
| 040 | _cPJ | ||
| 100 |
_95990 _aGalera, Noelia Melina |
||
| 245 | 1 | 0 |
_aCuando "Nadie menos" responde a "Ni una menos" : _bun estudio sobre la falacia de la distracción intencional en el discurso social / _cNoelia M. Galera. |
| 260 |
_cCiudad Autónoma de Buenos Aires : _aThomson Reuters La Ley, _b2025. |
||
| 300 | _ap. 246-253. | ||
| 500 | _aCita: AR/DOC/66/2025. | ||
| 505 | _aSumario: I. Introducción.— II. Decir es hacer: teorías de Austin y Wittgenstein sobre los actos de habla.— III. El grito de "Ni una menos": génesis de un movimiento social.— IV. Falsa universalidad: el desvío de la atención en la respuesta "Nadie menos".— V. Conclusión.— VI. Bibliografía. | ||
| 505 | _tSi te interesa el texto completo, solicitalo a koha@justierradelfuego.gov.ar | ||
| 650 | 0 |
_9343 _aDERECHO PENAL |
|
| 650 | 0 |
_92486 _aCRIMINOLOGÍA |
|
| 650 | 0 |
_93053 _aVIOLENCIA DE GÉNERO |
|
| 650 | 0 |
_94044 _aPERSPECTIVA DE GÉNERO |
|
| 773 | 0 |
_02658 _93164 _tRevista de derecho penal y criminología. Nº 1 - Febrero 2025 _dCiudad Autónoma de Buenos Aires : Thomson Reuters La Ley, 2017- _x00347914 |
|
| 942 |
_2udc _cANA |
||